000 00554nam a2200157 4500
001 121425
003 ES-MaACL
005 20230906191741.0
007 t|
008 070214s1966 sp r ||||1| spa d
245 0 0 _aPor un pueblo de dios fermento del mundo
_b: plan de trabajo curso 1966-67 : hombres de acción católica.
260 _aSevilla :
_bConsejo Diocesano de Hombres de Acción Católica,
_c1966.
300 _a92 p. ;
_c20 cm.
710 2 _aConsejo Diocesano de Hombres de Acción Católica.
_93194
852 _aES-MaACL
_jC-30800
_bR.61423
999 _c121425
_d121425